[Event "Tata Steel Masters"]
[Site "?"]
[Date "2017.01.22"]
[Round "8.1"]
[White "Rapport, Richard"]
[Black "Carlsen, Magnus"]
[Result "1-0"]
[WhiteElo "2702"]
[BlackElo "2840"]
[EventDate "2017.??.??"]
[Annotator "Bojkov,Dejan"]
[PlyCount "65"]
[Beauty "8178825747466"]
[EventType "team-tourn"]
[WhiteClock "0:18:51"]
[BlackClock "0:12:28"]

1.Nf3 d5 2.b3 Bf5 3.Bb2 e6 4.d3 h6 5.Nbd2 Nf6 6.c4 c6 7.g3 Be7 8.Bg2 {Against the world champion, Rapport decided to play solidly. No King's Gambit, but the Reti!} 8...O-O 9.O-O Nbd7 10.a3 a5 11.Qb1 {Not a very common idea.} ( {The typical Reti maneuver was also possible:} 11.Ra2 Bh7 12.Qa1 Nc5 13.Bc3 b5 14.Ne5 Qb6 15.cxd5 cxd5 16.Bd4 {followed by the doubling of the white rooks on the open c-file as in Melkumyan,H (2640)-Tabatabaei,M (2481) Warsaw 2016.} ) ( {However Reti was regrouping with:} 11.Rc1 {and this remains one of the main continuations nowadays too.} 11...Bh7 12.Rc2 Bd6 13.Qa1 {and Richard already has a game like that: Rapport,R (2654)-Svetushkin,D (2588) Calvi 2013.} ) 11...Bh7 {Generally a useful move. Carlsen sidesteps the possible attack of the white knight from d4.} 12.b4 {The point behind White's previous move.} 12...axb4 13.axb4 Qb6 ( {After} 13...dxc4 $5 14.Nxc4 Nd5 {White will have to sacrifice a pawn, but that was probably part of White's preparation:} 15.Rxa8 Qxa8 16.Bd4 Nxb4 ( 16...Bxb4 $2 17.e4 ) 17.Qb2 Nf6 18.Ra1 Qd8 19.Bc3 c5 20.Ra5 {with compensation.} ) 14.Bc3 Rxa1 {In a previous game, White got some advantage after:} ( 14...Ra6 15.Rxa6 ( 15.c5 $5 {might have been even better with a pull after} 15...Qa7 16.Qb2 Ra8 17.Rxa6 Qxa6 18.Nb3 ) 15...Qxa6 16.Qb3 dxc4 17.dxc4 {Lputian,S (2590)-Adelman,C (2220) Long Beach 1994} ) 15.Qxa1 Bxb4 16.Bxb4 Qxb4 17.Rb1 Qd6 18.Rxb7 {Almost all the queenside pawns disappeared, and the game is heading to a draw. Black's only problem might be the bishop on h7, but Carlsen takes measures to bring it into life.} 18...e5 19.d4 $5 ( {Or} 19.cxd5 cxd5 20.Nf1 Bf5 {with complete equality.} ) 19...exd4 ( 19...e4 {will leave the black bishop misplaced and allow White some edge after} 20.Ne5 ) 20.Nxd4 c5 21.N4b3 d4 {Carlsen is looking for trouble and will get it. This move is still OK though. Rapport is right. The simple} ( 21...dxc4 22.Nxc4 Qe6 {would have soon ended the game peacefully.} ) 22.Bh3 d3 $2 {This, however, is not right. The line:} ( 22...Rb8 23.Rxb8+ Qxb8 24.Qa5 Qc8 25.Qb5 {looks very passive for Black, but he can defend with} 25...Bg6 $1 {to stop any back-rank mates. And if} 26.Nxc5 Qxc5 27.Bxd7 Qe7 {regains the pawn with equality.} ) ( {Perhaps the simplest way to keep the balance was:} 22...Bc2 $5 23.Qa7 Rd8 ) 23.e3 $1 {Now besides the queenside problems, Black needs to deal with the advance of White's e- and f-pawns.} 23...Ne5 24.Bg2 Rc8 ( {Perhaps Carlsen should have tried something like} 24...Ned7 25.Qa7 Rc8 26.Bh3 Rd8 27.Rc7 Bg6 28.Bxd7 Nxd7 29.Nxc5 Nxc5 30.Rxc5 {although I do not trust much in his draw chances.} ) 25.f4 {The pawns will cost Black a piece at least.} 25...Neg4 26.e4 Re8 ( {Or} 26...Nd7 27.Qa7 Rd8 28.Bf3 h5 29.Rc7 {when Black is completely helpless.} ) 27.e5 Nxe5 28.fxe5 Rxe5 29.Rb6 $1 {Very neat. The queen is getting misplaced, or Black loses a pawn.} ( {Perhaps the world champion hoped to survive the endgame after} 29.Qa7 Bf5 30.Qb8+ Qxb8 31.Rxb8+ Kh7 ) 29...Qe7 ( {Or} 29...Qxb6 30.Qxe5 Nd7 31.Qe8+ Nf8 32.Qc6 {when both c5 and d3 will be gone soon.} ) ( 29...Qc7 30.Rc6 Qb8 31.Rxc5 {wins a pawn.} ) 30.Rb8+ Ne8 31.Bc6 $1 {A beautiful way to win the game.} 31...Re1+ 32.Qxe1 Qxe1+ 33.Nf1 {The queen will be regained. Carlsen resigned!} ( 33.Nf1 d2 34.Nxd2 ) 1-0

[Event "Tata Steel Masters"]
[Site "?"]
[Date "2017.01.24"]
[Round "9.1"]
[White "Carlsen, Magnus"]
[Black "Van Wely, Loek"]
[Result "1-0"]
[WhiteElo "2840"]
[BlackElo "2695"]
[EventDate "2017.??.??"]
[Annotator "Bojkov,Dejan"]
[PlyCount "117"]
[Beauty "6460033472010"]
[EventType "team-tourn"]
[WhiteClock "1:12:31"]
[BlackClock "0:04:43"]

1.e4 c5 2.Nf3 e6 3.d4 cxd4 4.Nxd4 Nf6 5.Nc3 d6 6.g4 {The Keres Attack is considered to be the most dangerous weapon for White against the Scheveningen Sicilian. For a good reason.} 6...h6 7.Bg2 Nc6 8.h3 g5 ( {The other way of playing it is} 8...Nxd4 9.Qxd4 e5 10.Qd3 Be6 11.f4 Rc8 {Bacrot,E (2719) -Kempinski,R (2620) Germany 2015} ) 9.Nxc6 {A novelty, which should not surprise. The thing is that this maneuver is very typical for the Fianchettoe line against the Scheveningen.} ( {So far White had only tried here:} 9.Be3 Ne5 10.Qe2 Bd7 11.O-O-O {with sharp, double-edged play, Forster,R (2463)-Atlas,V (2475) Switzerland 2002} ) 9...bxc6 10.e5 {The point behind the capture. White trades the d6 pawn and leaves both black pawns on a7 and c6 isolated.} 10...Nd5 {The exchange sacrifice was very interesting:} ( 10...dxe5 $5 {when} 11.Bxc6+ ( {I suspect that Carlsen would have gone for the endgame instead} 11.Qxd8+ Kxd8 12.Bxc6 Rb8 ) 11...Bd7 12.Bxa8 Qxa8 {gives Black the bishop pair and play on the light squares against the white king.} ) 11.exd6 Qxd6 ( {Or} 11...Bxd6 12.Ne4 Bf4 ( 12...Be7 13.c4 {would be similar to the game.} ) 13.c4 Bxc1 14.Qxc1 Qa5+ 15.Nc3 $1 {with advantage for White.} ) 12.O-O Ba6 ( {Obviously not} 12...Nxc3 13.Qxd6 Bxd6 14.Bxc6+ {and White wins the exchange in an endgame.} ) 13.Re1 {Carlsen challenges the knight.} 13...Be7 ( {However now} 13...Nxc3 $5 {was interesting, with the idea to sacrifice a pawn and stall White's natural development in the line:} 14.Qxd6 Bxd6 15.Bxc6+ Ke7 16.Bxa8 Ne2+ 17.Rxe2 Bxe2 18.Be4 Be5 19.Be3 ( 19.c3 Rb8 ) 19...Bxb2 20.Rb1 Be5 21.Bxa7 Rc8 {It is not too clear if the compensation will be enough though.} ) ( {The more active development is not possible:} 13...Bg7 14.Nxd5 cxd5 15.Qxd5 ) 14.Ne4 Qc7 15.c4 $1 {A strong move. Once that the knight is replaced from the excellent central square White's advantage becomes obvious.} 15...Nb4 ( 15...Bxc4 $2 {drops a piece to} 16.Qd4 ) 16.b3 ( 16.Be3 $5 {might have been stronger with the idea Be3-c5. White should not worry the line:} 16...Rd8 17.Qb3 Rd3 18.Nc3 {as now the black knight is trapped after say} 18...O-O 19.a3 ) 16...Rd8 ( {Or} 16...O-O 17.Bb2 Rad8 18.Qf3 Nd3 19.Nf6+ {with a clear edge for White.} ) 17.Qf3 Nd3 18.Rd1 Nxc1 19.Raxc1 Qf4 {Van Wely decided that this is the lesser evil. His king could have been in serious danger after:} ( 19...O-O 20.Nf6+ Kh8 21.Rxd8 ( 21.Qc3 e5 ) 21...Rxd8 22.Nh5 ) 20.Rxd8+ Bxd8 21.Qxf4 gxf4 22.Nc5 Bc8 23.Bxc6+ {Carlsen won a pawn and starts converting his advantage in his typical style.} 23...Ke7 24.Bf3 Bb6 25.Nd3 Rd8 ( {Or} 25...Bc7 26.Nb4 ( 26.b4 $5 ) 26...Bd7 27.c5 ) 26.Nb4 ( {Of course not:} 26.Nxf4 Rd2 27.c5 Bc7 28.Ne2 Rxa2 {when the black pieces come into life.} ) 26...Bd7 27.c5 Ba5 28.Rc4 Rc8 29.c6 Bxb4 {Forced.} ( 29...Be8 30.Rxf4 ) 30.Rxb4 Bxc6 31.Bxc6 Rxc6 32.Rxf4 {The rook endgame offers some drawing chances to Van Wely. It seems as he did not make the best use of them.} 32...a5 ( {One plan was to force the pawns closer:} 32...Ra6 33.a4 ( {But there is the strong:} 33.Ra4 $1 Rxa4 34.bxa4 {and since the black king cannot go to the queenside because of the break with h4-h5, (f2-f4) and g4-g5 White should be winning.} ) 33...Rb6 34.b4 a6 {and then attack them from behind with Rb6-c6-c2-a2.} ) 33.Kg2 Rc5 34.h4 Rd5 ( {Maybe:} 34...h5 35.g5 ( 35.f3 $2 Rc2+ ) 35...Kf8 {followed by Kf8-g7-g6 was a better idea. Then the rook can harrass the white queenside pawns and the black king will be ready for counterplay against the h4 pawn.} ) 35.Kf3 f6 36.Ke3 {With the idea Re4-d4 followed by Ke3-d3.} 36...h5 37.f3 $1 {This time it is different; the pawn can be defended.} 37...hxg4 {Makes things easier for White. Passive defense was better.} 38.fxg4 Rd1 39.Ra4 Re1+ ( 39...Rd5 40.h5 {would be similar.} ) 40.Kf3 Re5 41.Rc4 Rd5 42.h5 Rd2 43.Ra4 ( 43.Rc7+ Kd6 44.Ra7 Rxa2 45.h6 Rh2 46.h7 {was already an idea for White, but he wants to do it in a better version.} ) 43...Rd5 44.Ke3 {Carlsen wants to win a tempo.} 44...Rg5 ( {Or} 44...Rc5 45.Rc4 Rd5 ( 45...Rg5 46.Kf4 ) 46.Rc7+ ( 46.h6 ) 46...Kd6 47.Ra7 {and in comparison to the line from above White is even two tempoes ahead.} ) 45.Rc4 Kd6 46.Kf4 Rd5 47.Rc8 {The rook is getting in and the h-passer decides the game.} 47...Rd4+ 48.Kg3 Kd7 49.Ra8 Rd3+ 50.Kg2 Rd2+ 51.Kf3 Rd3+ ( {Since} 51...Rxa2 52.h6 Rh2 53.h7 Rxh7 54.Ra7+ {drops the rook.} ) 52.Ke4 Rh3 53.Rxa5 e5 54.Kf5 Rf3+ 55.Kg6 e4 56.h6 e3 57.h7 Rh3 ( {The alternative was mate after} 57...e2 58.h8=Q e1=Q 59.Rd5+ Kc6 60.Qa8+ ) 58.Ra7+ Kd6 59.Ra8 1-0

[Event "Tata Steel Masters"]
[Site "?"]
[Date "2017.01.27"]
[Round "11.6"]
[White "Wei, Yi"]
[Black "Karjakin, Sergey"]
[Result "1-0"]
[WhiteElo "2706"]
[BlackElo "2785"]
[EventDate "2017.??.??"]
[Annotator "Bojkov,Dejan"]
[PlyCount "61"]
[Beauty "8247813604899"]
[EventType "team-tourn"]
[WhiteClock "0:25:52"]
[BlackClock "0:13:48"]

1.e4 e5 2.Nf3 Nc6 3.Bb5 Nf6 4.d3 Bc5 5.c3 O-O 6.Bxc6 {Wei said that he had prepared this line before the game.} ( {The main line goes} 6.O-O {when a fashionable choice is the central break with} 6...d5 7.exd5 Qxd5 8.Bc4 Qd8 9.Nbd2 {when we are in Italian territory rather than Spanish, Caruana,F (2823) -So,W (2794) London 2016} ) 6...bxc6 7.Nxe5 d5 8.d4 Bb6 {Right around here, Karjakin started to use a fair amount of his time. For these two moves, he spent more than half an hour while Wei was still practically blitzing.} 9.O-O dxe4 {This leads to a very sharp position.} ( {Wei believed that the critical line runs} 9...Nxe4 10.Nd2 ( {Another game between So and Caruana, but with reversed colors went instead:} 10.Nxc6 Qf6 11.Nb4 Be6 12.Nd2 c5 13.dxc5 Bxc5 14.Nxe4 dxe4 15.Nd5 Qe5 16.Be3 Bxe3 17.Nxe3 f5 {which seems like fair compensation for a pawn, So,W (2773)-Caruana,F (2795) Saint Louis 2016} ) 10...c5 {with an approximately equal position.} ) 10.Bg5 c5 11.Nd2 cxd4 {This novelty, played after more than twenty minutes of thought, seems wrong. Karjakin either was caught unprepared or (more likely) forgot his line.} ( {So far three games were played in the line} 11...Bb7 {One example:} 12.dxc5 ( {Wei mentioned the line} 12.Ng4 cxd4 13.Nxf6+ gxf6 14.Bh6 Kh8 {with ample compensation for the exchange thanks to the bishop pair and the solid center.} ( {Or perhaps the more accurate} 14...f5 ) ) 12...Bxc5 13.Nb3 Bb6 14.c4 Qd6 15.Qxd6 cxd6 16.Bxf6 gxf6 17.Ng4 {with a complex endgame in Balogh,C (2601) -Naiditsch,A (2684) Aix les Bains 2011} ) ( 11...Bf5 {might be another playbale option for Black.} ) 12.Nxe4 dxc3 13.Qf3 $1 {The queen creates huge threats with the pinning pieces.} ( {White naturally avoids} 13.Nxc3 Bb7 {when Black is doing fine.} ) 13...Bb7 ( {Or else Black loses his queen after} 13...cxb2 14.Nxf6+ gxf6 15.Bxf6 ) 14.Bxf6 $1 {A strong move.} ( {Weaker was} 14.Nxf6+ Qxf6 $1 {(Wei)} ( {Although I do not see anything wrong with Black's position after} 14...gxf6 15.Qxb7 fxg5 16.Rad1 Qe7 ) ) 14...Bxe4 ( {The alternative was the mating attack after} 14...gxf6 15.Nxf6+ Kg7 ( 15...Kh8 16.Qf5 ) 16.Nh5+ Kh6 17.Qf5 Qg5 18.Ng4+ Kxh5 19.Nf6+ Kh4 20.Qh3# ) 15.Qxe4 Qxf6 ( {Karjakin needs to part with the exchange in order to avoid the horrible position after} 15...gxf6 16.Nc6 Qd7 17.Rad1 Rae8 18.Qf3 Qe6 19.Qxc3 {and Black's king is desperately weak, and his pawn structure is kind of scary.} ) 16.Nd7 Qg6 ( {An important nuance is} 16...Qd4 17.Qxd4 Bxd4 18.Rad1 $1 {(Wei) trading the c-passer, rather than} ( 18.Nxf8 $2 cxb2 19.Rad1 Rd8 $1 {when Black is the one in the driver's seat. This is what Karjakin had missed, as he tweeted later in the day.} ) ) 17.Qxg6 hxg6 18.Nxf8 cxb2 19.Rab1 Kxf8 20.Rfd1 $1 {There is no need to let the black rook out. Wei will in fact build his play against that piece.} ( 20.Rxb2 Rd8 ) 20...Ke7 {This makes things easier for White.} ( 20...c5 21.Rxb2 Rc8 22.Kf1 {followed by a march of the white king to the c4-square would not have helped either.} ) ( {But Karjakin was obliged to activate the rook with} 20...Re8 21.Rxb2 Re4 22.Kf1 Ra4 23.Re2 Bd4 {White still has huge advantage, but it is not yet a win.} ) 21.Rxb2 {Since Black cannot trade rooks, the only way to bring the king out is via the h-file.} ( {Therefore Seirawan suggested the prophylactical move} 21.h4 {but Wei did not want to trade pawns with:} 21...Kf6 22.Rxb2 Rh8 23.g3 g5 ) 21...g5 ( {Alas, the rook cannot go out:} 21...Rh8 22.g3 Rh5 23.Re2+ Kf6 24.Rd3 Rb5 25.Rf3+ {and Black has to return to f5 and swap rooks if he wants to save the f7-pawn.} ) 22.Rbd2 ( {The immediate} 22.Re2+ Kf6 23.Rd7 {was also good.} ) 22...Rh8 23.g3 Rh5 {This seems quite strange, but} ( {the rook will be once again prevented from getting into the game after} 23...Rh6 24.Rd7+ Kf6 ( 24...Ke8 25.Rd8+ ( {Or even} 25.R7d5 f6 ( 25...Rf6 26.Re1+ ) ) 25...Ke7 26.R1d7+ ) 25.Kg2 {and it will be similar to the game.} ) 24.Kg2 Kf6 {Whenever the pawn moves forward,} ( 24...g4 {it becomes a liability, and White will soon start proving that} 25.Re1+ Kf6 26.Re4 Rg5 ( 26...Rf5 27.Rxg4 ) 27.Rc4 ) 25.h3 Rh6 26.Rd8 {After taming the black rook, Wei takes care of his own ones.} 26...Ke7 27.R1d7+ Ke6 28.Rd2 Rf6 ( {Or} 28...Ke7 29.Rg8 g6 30.Rdd8 Kf6 31.Rge8 Rh7 32.Rd3 Kg7 33.Rf3 {when Re8-e7 is unstoppable.} ) 29.Rg8 Rg6 30.Re8+ Kf6 ( {Nothing changes} 30...Kf5 31.Rd5+ Kf6 32.Rd7 ) 31.Rd7 {Karjakin resigned as the f7-pawn will drop.} 1-0

[Event "Tata Steel Masters"]
[Site "?"]
[Date "2017.01.28"]
[Round "12.1"]
[White "Eljanov, Pavel"]
[Black "Carlsen, Magnus"]
[Result "0-1"]
[WhiteElo "2755"]
[BlackElo "2840"]
[EventDate "2017.??.??"]
[Annotator "Bojkov,Dejan"]
[PlyCount "120"]
[Beauty "6393729913863"]
[EventType "team-tourn"]
[WhiteClock "0:19:04"]
[BlackClock "0:59:17"]

1.d4 e6 2.c4 f5 {In a desperate need for a win, Carlsen goes for the complex Dutch.} 3.g3 Nf6 4.Bg2 d5 {The Stonewall one.} 5.Nf3 Bd6 6.Nc3 c6 7.Bf4 Bxf4 8.gxf4 O-O 9.e3 Bd7 ( {Another way is:} 9...Nbd7 10.Ne5 Nxe5 11.fxe5 Ne4 12.Bxe4 fxe4 13.Qg4 Qe7 {as in Hayrapetyan,H (2467)-Shahinyan,D (2457) Yerevan 2015} ) 10.Qb3 Qc7 11.O-O Be8 12.Rfc1 Qe7 13.Qa3 {Eljanov came very well prepared for the game and uncorked a strong novelty. Similar idea was seen in the game Anand-Topalov from their WCC in Sofia. White spoils his pawn structure but in return receives the half-open b-file from where puts strong pressure on the opponent's position.} ( {If we have to be honest, the Ukranian GM simply improved on the idea of Ulybin:} 13.Ne5 Nbd7 14.Qa3 $5 {Ulybin,M (2580)-Shumiakina,T (2365) Dubai 2000} ) 13...Qxa3 14.bxa3 Nbd7 15.Rab1 Rb8 {In case of} ( 15...b6 16.cxd5 {The pressure on the half-open b and c-files will become very strong} 16...cxd5 ( 16...exd5 17.Ne2 Rc8 18.Ne5 ) 17.Nb5 {in both cases with clear edge for White.} ) 16.a4 a5 {Carlsen hurries to block these fellows.} ( 16...Ne4 17.a5 {will be followed by a5-a6 and then the second Bro will go forward.} ) 17.Rb2 Ne4 ( {Black cannot trade the pawns} 17...dxc4 18.Nd2 Nd5 19.Nxc4 ) 18.Nxe4 dxe4 {Carlsen looks for a way to free his pieces a bit.} ( {In case of} 18...fxe4 19.Nd2 {The knight will be heading for the queenside, with advantage for White as} ( 19.Ng5 Rf6 {is less appealing here.} ) 19...c5 {fails to} 20.Bh3 Rf6 21.cxd5 exd5 22.dxc5 ) 19.Ng5 $1 {Very concrete and strong.} ( 19.Nd2 c5 {was Black's idea.} ) 19...Rf6 ( 19...Bf7 {would not change anything. White is better after} 20.Rcb1 ( 20.f3 $5 exf3 21.Bxf3 Rfc8 22.Rcb1 Rc7 ) 20...b6 21.f3 exf3 22.Nxf3 ( {Or} 22.Bxf3 ) ) 20.f3 {The point behind the previous move. The bishop enters the game and Black's position becomes critical.} 20...h6 ( 20...exf3 21.Nxf3 ) 21.Nh3 exf3 22.Bxf3 Rf7 23.Nf2 {The knight had done its job and wants back to the center. Eljanov had done a great job and clearly outplayed his mighty opponent.} ( {There was nothing wrong with} 23.Rcb1 $5 ) 23...c5 $1 {In a difficult situation, the world champion shows his character. Carlsen clearly knows that a couple of more improving moves will make his position undefendable.} ( {The tricky} 23...Rc8 $5 {to move the rook away the rook from the pin does not solve the problems due to} 24.Rxb7 Ne5 25.Rxf7 Nxf3+ 26.Kg2 Nh4+ 27.Kg3 Kxf7 28.Kxh4 {witha solid extra pawn for White.} ) ( {Neither does} 23...Nf6 $6 24.Nd3 {and both Nd3-c5 and Nd3-e5 threats look bad for the second player.} ) 24.Nd3 cxd4 25.exd4 Nf6 26.Nc5 {That is better than} ( 26.c5 Rc7 ( 26...Bxa4 27.c6 $1 ) ) 26...Ne4 $1 {Once again best chance. The pawns cannot be saved anyway:} ( 26...Re7 27.Rb6 ) 27.Nxe6 {The best reply in return. After} ( 27.Bxe4 fxe4 28.Nxe6 Bd7 ( 28...Bxa4 29.Nc5 Bd7 {is also possible.} ) 29.Nc5 Bg4 {the black pieces come into life.} ) 27...Bxa4 28.d5 ( 28.Bxe4 $5 {looks interesting after} 28...fxe4 29.Nc5 Bd7 30.Kf2 Rxf4+ ( 30...g5 $5 31.Nxd7 Rxd7 32.fxg5 Rxd4 33.Ke3 ) 31.Ke3 $1 ) 28...Bd7 29.Bxe4 ( {Eljanov wants it all. Taking into account the arising time trouble though it might have been wiser to choose:} 29.Re1 Bxe6 30.dxe6 Re7 31.Bxe4 fxe4 32.Rxe4 {when the risk to lose is zero. (Still, the chances for a draw for Black are very high.)} ) 29...fxe4 30.Nc5 Bg4 {The bishop is finally a piece again. The game becomes extremely sharp now.} 31.Re1 ( 31.Nxe4 Rxf4 32.Nd6 Rbf8 {would be similar to the game.} ) 31...Rc8 {Carlsen captures his chance. In the time trouble, he goes for an attack with his remaining pieces.} ( {He is safe already asthis line demonstrates-} 31...Rxf4 {would be a draw after} 32.Rxe4 Rbf8 33.Rxf4 Rxf4 34.Nxb7 Bh3 35.Rb1 Rxc4 ) 32.Nxe4 {Black's threats are serious. Check this out:} ( 32.Nxb7 Rb8 33.Reb1 Rxf4 34.c5 $2 ( 34.h3 $1 {might be still equal after say} 34...Bxh3 35.c5 Rbf8 36.d6 R8f5 37.Kh1 Rg5 38.Rg1 Rd5 39.c6 e3 40.d7 Bxd7 41.cxd7 Rxd7 42.Nxa5 ) 34...Bh3 $1 35.d6 Rbf8 {and all of a sudden White is mated on the back rank.} ) 32...Rxf4 33.Nd6 Rcf8 34.Rb3 {The same mate lurkes in the line:} ( 34.Nxb7 Bh3 {with one addition-} 35.Rbb1 Rg4+ 36.Kh1 Bg2+ 37.Kg1 Bxd5# ) 34...R8f6 35.Ne4 {Eljanov tries to keep his pieces closer to the king.} ( {The computer does not care and defends after} 35.Nxb7 Rxc4 ( 35...Rg6 36.Rg3 ) 36.Nxa5 Rc5 37.Nc6 ) 35...Rg6 36.Rg3 b6 37.d6 {It was about time to force draw with something like} ( 37.c5 bxc5 38.Nxc5 h5 39.Nd3 Rd4 40.Ne5 {but the time deficit takes its toll.} ) 37...Kh7 38.Nf2 $2 {Only this can be named a mistake.} ( {Believe it or not, this position is some sort of a mutual zugzwang. Therefore, a semi-waiting move like} 38.h4 $5 {would have still saved the day after} 38...Bc8 39.Rxg6 Kxg6 40.Nc3 Rxc4 41.Nd5 ) 38...Rxc4 {Now Carlsen wins a pawn and surprisingly easily after-the game.} 39.Nxg4 Rgxg4 40.Rxg4 Rxg4+ 41.Kf2 Rd4 42.Re6 Kg8 43.Ke3 Rd1 ( 43...Rd5 {simply invites the king to a better position.} 44.Ke4 Rd2 {After} 45.Kf5 {the united efforts of the rook, king and pawn will secure White enough counter-play} 45...a4 46.Re8+ Kf7 47.Re7+ Kf8 48.Ke6 Re2+ 49.Kd7 Rxh2 50.Re8+ Kf7 51.Re7+ Kf6 52.Ke8 Rxa2 53.d7 Rd2 54.Rf7+ ) 44.d7 Rxd7 45.Rxb6 Rd5 {At a glance, it seems as Eljanov should hold this. All he need to do is to trade one of his pawns (preferably the a-one.) But he never gets a chance.} 46.Rb2 ( {If} 46.a4 {with the threat Ra4-b5!, then} 46...Rh5 47.Rb5 ( 47.Rb2 Rh3+ 48.Ke4 Rh4+ {would win a second pawn.} ) 47...Rh3+ 48.Kf2 Rxh2+ 49.Kg3 Ra2 {The two connected passers whould win.} ) 46...Kh7 47.Ke4 ( {White would be happy to trade pawns, but it does not work:} 47.h4 Rh5 48.Rh2 g5 ) 47...Rh5 48.Kf4 Rh4+ 49.Kg3 g5 50.Rb7+ ( {In case of the passive defense:} 50.Rb6 Ra4 51.Rb2 {The winning plan is typical. First, improve everything as much as possible:} 51...Kg6 52.h3 Ra3+ 53.Kh2 Kh5 54.Rc2 a4 55.Rd2 {Then take the rook out} 55...Rc3 {followed by a4-a3 and Rc3-c1-b1-b2.} ) 50...Kg6 51.Rb6+ Kh5 52.h3 Ra4 53.Rc6 {Eljanov knows that the passive defense does not help (see the line from above.)} 53...Ra3+ 54.Kg2 Rxa2+ 55.Kg3 a4 56.Ra6 a3 57.Kf3 Rb2 58.Kg3 ( {Or} 58.Rxa3 Kh4 ) 58...a2 59.Kf3 a1=Q 60.Rxa1 Kh4 0-1